00371nam a22001337a 450000500170000000800410001704100130005808200130007110000130008424500450009726000370014230000320017965000260021120240425064745.0240425b |||||||| |||| 00| 0 eng d aEnglish  a349 LAW  lEnglish  aThe Law Reports : King's Bench Division  aLondon: bLincoln's Inn, c1915  bxxxi, 980 pages ; c25 cm.  aLegal practice bLaw